[Event "Benidorm op U2300 18th"]
[Site "Benidorm"]
[Date "2019.12.03"]
[Round "5"]
[White "Barbera Estelles, Rosendo"]
[Black "Gonzalez Martinez, Miguel Angel"]
[Result "1/2-1/2"]
[WhiteElo "2212"]
[BlackElo "2094"]
[PlyCount "46"]
[EventDate "2019.11.29"]
[EventType "swiss"]
[EventRounds "10"]
[EventCountry "ESP"]
[SourceTitle "EXT 2022"]
[Source "ChessBase"]
[SourceDate "2021.10.06"]
[SourceVersion "1"]
[SourceVersionDate "2021.10.06"]
[SourceQuality "1"]

1. e4 e5 2. Nf3 Nf6 3. Nc3 Nc6 4. Bb5 Nd4 5. Bc4 Bc5 6. d3 d6 7. h3 c6 8. Nxd4 Bxd4 9. 0-0 h6 10. Ne2 Bb6 11. Ng3 0-0 12. Qf3 Be6 13. Nf5 Bxf5 14. Qxf5 d5 15. Bb3 a5 16. a4 Qd6 17. Re1 Rfe8 18. Be3 Bxe3 19. Rxe3 g6 20. Qf3 d4 21. Re2 Kg7 22. h4 Re7 23. g3 Qd8 1/2-1/2

[Event "Benidorm op U2300 17th"]
[Site "Benidorm"]
[Date "2018.12.03"]
[Round "4"]
[White "Gonzalez Martinez, Miguel Angel"]
[Black "Kucza, Karol"]
[Result "1-0"]
[WhiteElo "2137"]
[BlackElo "2294"]
[PlyCount "63"]
[EventDate "2018.11.30"]
[EventType "swiss"]
[EventRounds "10"]
[EventCountry "ESP"]
[SourceTitle "EXT 2022"]
[Source "ChessBase"]
[SourceDate "2021.10.06"]
[SourceVersion "1"]
[SourceVersionDate "2021.10.06"]
[SourceQuality "1"]

1. d4 Nf6 2. Nf3 e6 3. Bf4 c5 4. e3 Nc6 5. Nbd2 d5 6. c3 Bd6 7. Bg3 0-0 8. Bd3 b6 9. Qe2 Bb7 10. Rd1 Re8 11. e4 e5 12. dxe5 Nxe5 13. Nxe5 Bxe5 14. f4 Bc7 15. e5 Nd7 16. 0-0 a6 17. Qh5 g6 18. Qg4 b5 19. Bh4 Qc8 20. Bf5 h5 21. Qg3 Bd8 22. Bxd8 Qxd8 23. e6 Nf8 24. exf7+ Kxf7 25. Bc2 d4 26. Nf3 Bxf3 27. Rxf3 Qf6 28. h4 Kg7 29. f5 dxc3 30. fxg6 Qe5 31. Rf7+ Kg8 32. Rxf8+ 1-0

[Event "Euskadi-ch"]
[Site "Zornotza"]
[Date "2017.04.23"]
[Round "7"]
[White "Gonzalez Martinez, Miguel Angel"]
[Black "Fernandez Zubitur, Jokin"]
[Result "1-0"]
[WhiteElo "2115"]
[BlackElo "2019"]
[PlyCount "97"]
[EventDate "2017.04.17"]
[EventType "swiss"]
[EventRounds "7"]
[EventCountry "ESP"]
[SourceTitle "EXT 2018"]
[Source "ChessBase"]
[SourceDate "2017.10.13"]
[SourceVersion "1"]
[SourceVersionDate "2017.10.13"]
[SourceQuality "1"]

1. d4 Nf6 2. Bf4 e6 3. e3 d5 4. Nd2 c5 5. c3 Nc6 6. Ngf3 Be7 7. Bd3 0-0 8. Ne5 Nxe5 9. dxe5 Ne8 10. h4 d4 11. exd4 cxd4 12. Bxh7+ Kxh7 13. Qh5+ Kg8 14. Ne4 dxc3 15. Rd1 Qa5 16. bxc3 Nf6 17. Nxf6+ Bxf6 18. Rh3 g6 19. Qe2 Be7 20. h5 Qa4 21. Rd4 Qe8 22. Bh6 Bd7 23. Bxf8 Bxf8 24. hxg6 fxg6 25. Rg3 Qf7 26. Qh5 Bg7 27. Rxg6 Kf8 28. Qg5 Bxe5 29. Qxe5 Qxg6 30. Rxd7 Qb1+ 31. Rd1 Qg6 32. Qh8+ Qg8 33. Qxg8+ Kxg8 34. Rd7 b5 35. Re7 Rc8 36. Kd2 a5 37. Rxe6 Rc4 38. Rb6 Ra4 39. Rxb5 Rxa2+ 40. Ke3 a4 41. c4 Kf7 42. Ra5 Ke6 43. g4 Ra3+ 44. Ke4 Ra1 45. Ra6+ Kd7 46. f4 a3 47. Kf5 a2 48. g5 Kc7 49. g6 1-0

[Event "Euskadi-ch"]
[Site "Zornotza"]
[Date "2017.04.21"]
[Round "5"]
[White "Gonzalez Martinez, Miguel Angel"]
[Black "Ortin Blanco, Inigo"]
[Result "1-0"]
[WhiteElo "2115"]
[BlackElo "2127"]
[PlyCount "61"]
[EventDate "2017.04.17"]
[EventType "swiss"]
[EventRounds "7"]
[EventCountry "ESP"]
[SourceTitle "CBM 178 Extra"]
[Source "ChessBase"]
[SourceDate "2017.06.22"]
[SourceVersion "1"]
[SourceVersionDate "2017.06.22"]
[SourceQuality "1"]

1. d4 d5 2. Bf4 Nf6 3. e3 c5 4. c3 Nc6 5. Nd2 Bf5 6. Ngf3 e6 7. Nh4 Bg4 8. Qb3 Qc8 9. h3 Bh5 10. g4 Bg6 11. Nxg6 hxg6 12. Be2 Be7 13. Rc1 Qd7 14. Kf1 c4 15. Qc2 Bd6 16. Bxd6 Qxd6 17. e4 Qf4 18. e5 Nd7 19. Nf3 b5 20. Ne1 Nxd4 21. cxd4 Qxd4 22. Nf3 Qf4 23. Qc3 Nxe5 24. Nxe5 d4 25. Qf3 Qxc1+ 26. Kg2 Qxh1+ 27. Kxh1 0-0 28. Qf4 d3 29. Bf3 Rad8 30. Nc6 Rd7 31. Qg5 1-0

[Event "Euskadi-ch"]
[Site "Zornotza"]
[Date "2017.04.17"]
[Round "1"]
[White "Gonzalez Martinez, Miguel Angel"]
[Black "Del Rio de Angelis, Salvador Gabriel"]
[Result "0-1"]
[WhiteElo "2115"]
[BlackElo "2524"]
[PlyCount "90"]
[EventDate "2017.04.17"]
[EventType "swiss"]
[EventRounds "7"]
[EventCountry "ESP"]
[SourceTitle "CBM 178 Extra"]
[Source "ChessBase"]
[SourceDate "2017.06.22"]
[SourceVersion "1"]
[SourceVersionDate "2017.06.22"]
[SourceQuality "1"]

1. d4 d6 2. Bf4 Nd7 3. Nf3 g6 4. e3 Bg7 5. h3 e5 6. Bh2 Nh6 7. Be2 0-0 8. 0-0 f5 9. dxe5 dxe5 10. Qd5+ Nf7 11. Nc3 Qe7 12. Qd2 c6 13. Bc4 Nb6 14. Bb3 Be6 15. Qe2 Nd6 16. Bxe6+ Qxe6 17. Rad1 Nf7 18. a4 a5 19. b3 g5 20. e4 f4 21. Ne1 Nd7 22. Qg4 Nc5 23. Qxe6 Nxe6 24. Ne2 Nc5 25. Nc3 Rfd8 26. Nf3 h6 27. g4 Nd6 28. Rfe1 Kf7 29. h4 gxh4 30. Nxh4 Bf6 31. Nf5 Nxf5 32. gxf5 Rg8+ 33. Kh1 Bh4 34. Re2 Rg5 35. Rg1 Rh5 36. Rg4 Rd8 37. Kg2 Na6 38. Rg6 Be7 39. Bg1 Bb4 40. Na2 Rd1 41. c3 Be7 42. Rb2 Nc5 43. f3 Nd3 44. Re2 Bc5 45. Bxc5 Nxc5 0-1

[Event "Euskadi-ch"]
[Site "Zornotza"]
[Date "2015.04.06"]
[Round "1"]
[White "Gonzalez Martinez, Miguel Angel"]
[Black "Astasio Lopez, David"]
[Result "0-1"]
[WhiteElo "2101"]
[BlackElo "2401"]
[PlyCount "52"]
[EventDate "2015.04.06"]
[EventType "swiss"]
[EventRounds "7"]
[EventCountry "ESP"]
[SourceTitle "EXT 2018"]
[Source "ChessBase"]
[SourceDate "2017.10.13"]
[SourceVersion "1"]
[SourceVersionDate "2017.10.13"]
[SourceQuality "1"]

1. e4 c5 2. Nf3 e6 3. d4 cxd4 4. c3 Nf6 5. e5 Nd5 6. cxd4 b6 7. Nc3 Bb7 8. Bd3 Nxc3 9. bxc3 Qc7 10. Bd2 d6 11. 0-0 Nd7 12. Bf4 Be7 13. Re1 0-0 14. Rc1 Rfd8 15. exd6 Bxd6 16. Bxh7+ Kxh7 17. Ng5+ Kg8 18. Bxd6 Qxd6 19. Qh5 Qf4 20. Re3 Nf8 21. Rce1 g6 22. Qh6 f6 23. Rh3 Qxg5 24. Qh8+ Kf7 25. Rh7+ Nxh7 26. Qxh7+ Kf8 0-1

[Event "ESP-ch zone 1"]
[Site "Logrono"]
[Date "2008.08.20"]
[Round "4.4"]
[White "Gonzalez Martinez, Miguel Angel"]
[Black "Beltran Rueda, Santiago"]
[Result "0-1"]
[WhiteElo "1927"]
[BlackElo "2436"]
[PlyCount "52"]
[EventDate "2008.08.18"]
[EventType "swiss"]
[EventRounds "4"]
[EventCountry "ESP"]
[SourceTitle "CBM 126 Extra"]
[Source "ChessBase"]
[SourceDate "2008.11.05"]
[SourceVersion "1"]
[SourceVersionDate "2008.11.05"]
[SourceQuality "1"]

1. e4 c5 2. Nf3 d6 3. c3 Nf6 4. h3 g6 5. Bd3 Bg7 6. Bc2 0-0 7. 0-0 Nc6 8. d4 e5 9. Re1 exd4 10. cxd4 cxd4 11. Nxd4 Nxd4 12. Qxd4 Be6 13. Qb4 d5 14. e5 Nd7 15. f4 Qh4 16. Bd2 Rfc8 17. f5 Qxb4 18. Bxb4 Rxc2 19. fxe6 fxe6 20. Bc3 Bf8 21. Bd4 Bc5 22. Bxc5 Nxc5 23. Nc3 Rxb2 24. Re2 Rb4 25. Rd2 Rf8 26. a3 Rc4 0-1